A generation of materialism, 1871-1900 / (Record no. 25686)
[ view plain ]
| 000 -LEADER | |
|---|---|
| fixed length control field | 00976cam a22002891 4500 |
| 001 - CONTROL NUMBER | |
| control field | 25686 |
| 003 - CONTROL NUMBER IDENTIFIER | |
| rucl marc code | BD-RjUL |
| 005 - DATE AND TIME OF LATEST TRANSACTION | |
| control field | 20211209050919.0 |
| 008 - FIXED-LENGTH DATA ELEMENTS--GENERAL INFORMATION | |
| fixed length control field | 731023s1941 nyuabcf b 000 0 eng |
| 035 ## - SYSTEM CONTROL NUMBER | |
| System control number | (BD-RjUL)25756 |
| 040 ## - CATALOGING SOURCE | |
| Original cataloging agency | DLC |
| Transcribing agency | DLC |
| Modifying agency | DLC |
| -- | BD-RjUL |
| Language of cataloging | eng |
| 041 ## - LANGUAGE CODE | |
| Language code of text/sound track or separate title | eng |
| 082 00 - DEWEY DECIMAL CLASSIFICATION NUMBER | |
| Classification number | 940.28 |
| Author mark and year | HAG 1941 |
| 100 1# - MAIN ENTRY--PERSONAL NAME | |
| Personal name | Hayes, Carlton J. H. |
| Fuller form of name | (Carlton Joseph Huntley), |
| Dates associated with a name | 1882-1964. |
| 9 (RLIN) | 78903 |
| 245 12 - TITLE STATEMENT | |
| Title | A generation of materialism, 1871-1900 / |
| Statement of responsibility, etc. | by Carlton J.H. Hayes. |
| 260 ## - PUBLICATION, DISTRIBUTION, ETC. (IMPRINT) | |
| Place of publication, distribution, etc. | New York ; |
| -- | London : |
| Name of publisher, distributor, etc. | Harper & Brothers, |
| Date of publication, distribution, etc. | c1941. |
| 300 ## - PHYSICAL DESCRIPTION | |
| Pagination | xii p., 1 l., 390 p. : |
| Illustrations | illus. (maps), plates, ports. ; |
| Size | 23 cm. |
| 500 ## - GENERAL NOTE | |
| General note | Maps on lining-papers. |
| General note | "First edition." |
| 504 ## - BIBLIOGRAPHY, ETC. NOTE | |
| Bibliography, etc | "Bibliographical essays": p. 341-380. |
| 651 #0 - SUBJECT ADDED ENTRY--GEOGRAPHIC NAME | |
| Geographic name | Europe |
| General subdivision | History |
| Chronological subdivision | 1871-1918. |
| 9 (RLIN) | 37388 |
| Geographic name | Europe |
| General subdivision | History |
| -- | Philosophy. |
| 9 (RLIN) | 78905 |
| 942 ## - ADDED ENTRY ELEMENTS (KOHA) | |
| Source of classification or shelving scheme | Dewey Decimal Classification |
| Koha item type | Books |
| Lost status | Source of classification or shelving scheme | Damaged status | Not for loan | Permanent Location | Current Location | Shelving location | Date acquired | Source of acquisition | Cost, normal purchase price | Total Checkouts | Full call number | Date last seen | Copy number | Koha item type | Collection code |
|---|---|---|---|---|---|---|---|---|---|---|---|---|---|---|---|
| Dewey Decimal Classification | Added to bundle | Central Library, University of Rajshahi | Central Library, University of Rajshahi | Reading Room | 22/08/1956 | Asia Fundation | 0.00 | 940.28 HAG 1941 | 19/03/2014 | C-1 | Books | ||||
| Dewey Decimal Classification | Added to bundle | Central Library, University of Rajshahi | Central Library, University of Rajshahi | Reading Room | 20/09/1955 | B. H. Blackwell | 1.16 | 940.28 HAG 1941 | 20/03/2014 | C-1 | Books | Non-fiction |